| 000 | 00595nam a2200205 a 4500 | ||
|---|---|---|---|
| 005 | 20240501063658.0 | ||
| 008 | 991125s1997 mx 000 0 spa u | ||
| 020 | _a9682949084 | ||
| 035 | _aUPN01000006110 | ||
| 049 | _aCG | ||
| 050 | 4 |
_aPQ2285 _bB8 |
|
| 100 | 1 |
_aHugo, Víctor, _d1802-1885 _928554 |
|
| 245 | 1 | 0 |
_aBug-Jargal / _cVictor Hugo ; tr. Dionisio Alcalá Galiano. |
| 260 |
_aMéxico : _bCNCA, _c1997. |
||
| 300 | _a206 p. | ||
| 440 | 0 |
_aClásicos para hoy ; _v13 |
|
| 650 | 4 |
_aNovela francesa _98238 |
|
| 651 | 4 |
_aHAITI - _xHISTORIA - _yREVOLUCION, 1791-1804 - _xNOVELA |
|
| 905 | _aLibro | ||
| 999 |
_c6110 _d6110 |
||